|
|
|
|
| LEADER |
00000nam a2200000 i 4500 |
| 001 |
1/82604 |
| 008 |
990525s1989 eng d |
| 020 |
|
|
|a 0-566-05743-3
|
| 035 |
|
|
|l 10051126
|
| 040 |
|
|
|a GR-MY-UA
|b gre
|e aacr
|
| 041 |
0 |
|
|a eng
|
| 082 |
0 |
|
|a 016.80802
|
| 100 |
1 |
|
|a Anderson, Dorothy
|d 1923-
|
| 245 |
1 |
2 |
|a A guide to information sources for the preparation, editing and production of documents /
|c Dorothy Anderson
|
| 260 |
|
|
|a Aldershot :
|b Gower,
|c c1989
|
| 300 |
|
|
|a 142 p.
|
| 504 |
|
|
|a Includes bibliographical references and index
|
| 650 |
0 |
0 |
|a Manuscript preparation (Authorship)
|x Bibliography.
|
| 650 |
0 |
0 |
|a Report writing
|x Bibliography.
|
| 650 |
0 |
0 |
|a Editing
|x Bibliography.
|
| 650 |
0 |
0 |
|a Publishers and publishing
|x Bibliography.
|
| 852 |
|
|
|a INST
|b LESVOS
|e 19990525
|h 016.80802 AND
|p 005100016122
|q 005100016122
|t REF
|y 23
|
| 901 |
|
|
|a BIBL1-1999-2
|
| 909 |
|
|
|a Λ
|b 062173
|
| 922 |
|
|
|a 1ΕΛΗ
|b 199812
|c ΚΠΣ/ΤΓ
|d LEADER
|
| 950 |
|
|
|a 023-1998-09-14
|